[Event "Online Olym Div4 B"]
[Site "Chess.com INT"]
[Date "2021.08.21"]
[Round "4.6"]
[White "Muwanguzi, David Wabwire"]
[Black "Fidow, Kassim Hassan"]
[Result "1-0"]
[WhiteElo "2062"]
[BlackElo "1707"]
[PlyCount "91"]
[EventDate "2021.08.20"]
[EventType "team (rapid)"]
[EventRounds "11"]
[EventCountry "USA"]
[SourceTitle "CBM 203 Extra"]
[Source "ChessBase"]
[SourceDate "2021.09.30"]
[SourceVersion "1"]
[SourceVersionDate "2021.09.30"]
[SourceQuality "1"]
[WhiteTeam "Uganda"]
[BlackTeam "Somalia"]
[WhiteTeamCountry "UGA"]
[BlackTeamCountry "SOM"]

1. e4 c5 2. Nf3 e6 3. c4 Nc6 4. Nc3 a6 5. d3 Be7 6. Be2 b6 7. 0-0 Qc7 8. a3 Nf6 9. Bg5 h6 10. Bh4 Bb7 11. Rc1 Ng4 12. Bg3 Bd6 13. Bxd6 Qxd6 14. h3 h5 15. g3 Nge5 16. Nxe5 Nxe5 17. f4 Ng6 18. Bxh5 0-0-0 19. Kh2 e5 20. f5 Nf8 21. Bxf7 Qf6 22. Bd5 Nh7 23. Bxb7+ Kxb7 24. Nd5 Qh6 25. Kg2 Nf6 26. Rh1 Nh5 27. Rc2 g6 28. Qf3 Rdg8 29. g4 gxf5 30. exf5 Kb8 31. b4 Rg5 32. bxc5 Rf8 33. Rb2 b5 34. cxb5 a5 35. c6 Qg7 36. c7+ Kc8 37. b6 Kb7 38. Ne7+ Ka6 39. b7 e4 40. b8N+ Ka7 41. Qf2+ Ka8 42. Nxd7 Rxg4+ 43. hxg4 Qxg4+ 44. Kh2 Nf4 45. Rb8+ Rxb8 46. cxb8Q# 1-0

[Event "Online Olym Base A"]
[Site "Chess.com INT"]
[Date "2020.07.25"]
[Round "2.2"]
[White "Fidow, Kassim Hassan"]
[Black "Salim Mohammed, Salim Al Amri"]
[Result "0-1"]
[WhiteElo "1707"]
[BlackElo "1926"]
[PlyCount "114"]
[EventDate "2020.07.25"]
[EventType "team-tourn (rapid)"]
[EventRounds "9"]
[EventCountry "USA"]
[SourceTitle "CBM 198"]
[Source "ChessBase"]
[SourceDate "2020.10.31"]
[SourceVersion "1"]
[SourceVersionDate "2020.10.31"]
[SourceQuality "1"]
[WhiteTeam "Somalia"]
[BlackTeam "Oman"]
[WhiteTeamCountry "SOM"]
[BlackTeamCountry "OMN"]

1. e4 c5 2. Nf3 Nc6 3. d4 cxd4 4. Nxd4 Nf6 5. Nc3 e5 6. Ndb5 d6 7. Bg5 a6 8. Na3 b5 9. Nd5 Be7 10. Nxe7 Qxe7 11. c3 h6 12. Bxf6 Qxf6 13. f3 0-0 14. Bd3 Be6 15. 0-0 Rad8 16. Qe2 Ne7 17. Nc2 g5 18. a4 Ng6 19. g3 d5 20. axb5 axb5 21. Bxb5 Qe7 22. exd5 Bxd5 23. c4 Bb7 24. Rfd1 e4 25. Re1 Qc5+ 26. Qe3 Qxe3+ 27. Nxe3 exf3 28. Rad1 Ne5 29. Nd5 Ng4 30. Re7 Bxd5 31. cxd5 Rb8 32. Bd7 Nf6 33. Rd2 Rb7 34. Kf2 Rxd7 35. Rxd7 Nxd7 36. Kxf3 Rb8 37. Kg4 Kf8 38. d6 Rb4+ 39. Kf5 Rb5+ 40. Kg4 f5+ 41. Kh3 Kf7 42. Kg2 Ke6 43. h4 Nc5 44. hxg5 hxg5 45. g4 f4 46. Rc2 Kxd6 47. Rd2+ Ke5 48. Re2+ Ne4 49. Rc2 Rb3 50. Kh2 f3 51. Kg1 Kf4 52. Kh2 Kxg4 53. Kg1 Kf4 54. Kh2 g4 55. Kh1 Rd3 56. Rc1 Rd2 57. Rb1 Ng3+ 0-1

[Event "Online Olym Base A"]
[Site "Chess.com INT"]
[Date "2020.07.25"]
[Round "3.5"]
[White "Iung, Man Hou"]
[Black "Fidow, Kassim Hassan"]
[Result "1-0"]
[WhiteElo "1199"]
[BlackElo "1707"]
[PlyCount "53"]
[EventDate "2020.07.25"]
[EventType "team-tourn (rapid)"]
[EventRounds "9"]
[EventCountry "USA"]
[SourceTitle "CBM 198"]
[Source "ChessBase"]
[SourceDate "2020.10.31"]
[SourceVersion "1"]
[SourceVersionDate "2020.10.31"]
[SourceQuality "1"]
[WhiteTeam "Macau"]
[BlackTeam "Somalia"]
[WhiteTeamCountry "MAC"]
[BlackTeamCountry "SOM"]

1. d4 Nf6 2. c4 e6 3. Nc3 Bb4 4. Bd2 d5 5. a3 Bxc3 6. Bxc3 c6 7. Nf3 0-0 8. e3 dxc4 9. Bxc4 Nd5 10. 0-0 Nxc3 11. bxc3 Nd7 12. Bd3 h6 13. Rb1 a5 14. c4 Qe7 15. Rb3 b6 16. Qa1 Ba6 17. Rc1 Rfb8 18. Qb2 Qd6 19. c5 bxc5 20. Bxa6 Rxb3 21. Qxb3 Rxa6 22. Rd1 Qc7 23. dxc5 Nxc5 24. Qc4 Qb6 25. Ne5 Ra7 26. Qc2 Rc7 27. Rd8# 1-0

[Event "Olympiad-42"]
[Site "Baku"]
[Date "2016.09.12"]
[Round "10.2"]
[White "Fidow, Kassim Hassan"]
[Black "Croes, Octavio"]
[Result "1-0"]
[WhiteElo "1567"]
[BlackElo "1861"]
[PlyCount "57"]
[EventDate "2016.09.02"]
[EventType "team-swiss"]
[EventRounds "11"]
[EventCountry "AZE"]
[SourceTitle "CBM 175"]
[Source "ChessBase"]
[SourceDate "2016.11.10"]
[SourceVersion "1"]
[SourceVersionDate "2016.11.10"]
[SourceQuality "1"]
[WhiteTeam "Somalia"]
[BlackTeam "Aruba"]
[WhiteTeamCountry "SOM"]
[BlackTeamCountry "ARN"]

1. Nf3 d5 2. d4 e6 3. c4 Nf6 4. a3 Be7 5. Nc3 0-0 6. Bf4 c6 7. e3 Nbd7 8. Bd3 dxc4 9. Bxc4 b5 10. Bd3 a6 11. Rc1 Nh5 12. Bg3 Nxg3 13. hxg3 f5 14. Ne2 c5 15. Nf4 Qb6 16. g4 cxd4 17. Nxd4 Ne5 18. gxf5 Nxd3+ 19. Qxd3 exf5 20. Qb3+ Rf7 21. Rxh7 Kxh7 22. Qxf7 Qf6 23. Qd5 Rb8 24. Ke2 g6 25. Rh1+ Kg7 26. Nfe6+ Bxe6 27. Nxe6+ Kf7 28. Rh7+ Ke8 29. Qc6# 1-0

[Event "Olympiad-42"]
[Site "Baku"]
[Date "2016.09.09"]
[Round "7.2"]
[White "Molod, Jonathan"]
[Black "Fidow, Kassim Hassan"]
[Result "1-0"]
[WhiteElo "1943"]
[BlackElo "1567"]
[PlyCount "103"]
[EventDate "2016.09.02"]
[EventType "team-swiss"]
[EventRounds "11"]
[EventCountry "AZE"]
[SourceTitle "CBM 175"]
[Source "ChessBase"]
[SourceDate "2016.11.10"]
[SourceVersion "1"]
[SourceVersionDate "2016.11.10"]
[SourceQuality "1"]
[WhiteTeam "Guam"]
[BlackTeam "Somalia"]
[WhiteTeamCountry "GMA"]
[BlackTeamCountry "SOM"]

1. d4 Nf6 2. c4 e6 3. Nc3 Bb4 4. Bd2 0-0 5. Nf3 d5 6. e3 c5 7. dxc5 dxc4 8. Bxc4 Bxc5 9. 0-0 Nbd7 10. a3 a6 11. Qc2 b5 12. Bd3 Bb7 13. Ne4 Rc8 14. Qb1 h6 15. Rd1 Ng4 16. Bc3 f5 17. Ng3 Qb6 18. Nf1 Rf7 19. Bd4 f4 20. b4 Bxd4 21. exd4 Ngf6 22. N1d2 g5 23. Ne4 g4 24. Nxf6+ Nxf6 25. Ne5 Rg7 26. g3 fxg3 27. hxg3 Rd8 28. Qb2 Rg5 29. Bf1 Rh5 30. Bg2 Bxg2 31. Kxg2 Qb7+ 32. f3 gxf3+ 33. Nxf3 Ng4 34. Rh1 Rf5 35. Qb3 Kg7 36. Rad1 Rdf8 37. Rd3 e5 38. dxe5 Nxe5 39. Rf1 Nxd3 40. Qxd3 R8f7 41. Qd4+ Kg6 42. Qd3 R7f6 43. g4 Qd5 44. gxf5+ Rxf5 45. Qxd5 Rxd5 46. Rc1 Rd6 47. Kg3 h5 48. Rc3 Re6 49. Nd4 h4+ 50. Kh3 Re4 51. Nf3 Rc4 52. Ne5+ 1-0

[Event "Africa-ch"]
[Site "Kampala"]
[Date "2016.07.18"]
[Round "2"]
[White "Gonza, Simon"]
[Black "Fidow, Kassim Hassan"]
[Result "1-0"]
[WhiteElo "2097"]
[BlackElo "1558"]
[PlyCount "107"]
[EventDate "2016.07.17"]
[EventType "swiss"]
[EventRounds "9"]
[EventCountry "UGA"]
[SourceTitle "CBM 173 Extra"]
[Source "ChessBase"]
[SourceDate "2016.08.29"]
[SourceVersion "1"]
[SourceVersionDate "2016.08.29"]
[SourceQuality "1"]

1. e4 c5 2. Nc3 Nc6 3. Bb5 Nd4 4. Bc4 e6 5. a3 Qg5 6. Nce2 Nxe2 7. Bxe2 Qxg2 8. Bf3 Qg6 9. Ne2 Bd6 10. d4 cxd4 11. Qxd4 e5 12. Qd3 h6 13. Be3 b6 14. 0-0-0 Bc7 15. Nc3 Qc6 16. Nd5 a5 17. Qb5 Qb7 18. Nxc7+ Qxc7 19. Bxb6 Qb8 20. Qc5 Ba6 21. Bxa5 Qb5 22. Qxb5 Bxb5 23. Bb4 Ne7 24. Rhg1 g6 25. Bxe7 Kxe7 26. Rd2 d6 27. Be2 Rhb8 28. Bxb5 Rxb5 29. Rg3 Ra4 30. b4 Ke6 31. Kb2 Ra6 32. Kb3 Rab6 33. c4 Ra5 34. Rgd3 Ra8 35. a4 Ke7 36. b5 f5 37. exf5 gxf5 38. Rh3 Rh8 39. a5 Rbb8 40. Rhd3 Rhd8 41. b6 e4 42. Rd5 Ke6 43. c5 f4 44. Rxd6+ Rxd6 45. Rxd6+ Ke5 46. a6 e3 47. fxe3 fxe3 48. Rd1 e2 49. Re1 Kd4 50. a7 Rf8 51. Rxe2 Kxc5 52. b7 Rf3+ 53. Kb2 Rf4 54. b8Q 1-0